| 000 | 00405nam a2200145Ia 4500 | ||
|---|---|---|---|
| 008 | 230917s9999||||xx |||||||||||||| ||und|| | ||
| 040 |
_e203322 _aMAIN |
||
| 041 | _aEnglish | ||
| 082 | _a338.4791 B443V | ||
| 100 | _aBenson, Angela M, ed. | ||
| 245 | 0 | _aVolunteer tourism: Theoretical framworks and practical applications | |
| 260 |
_aLondon _bRoutledge _c2012 |
||
| 300 | _axxiii, 258 p. | ||
| 942 | _cBK | ||
| 999 |
_c172282 _d172282 |
||